What is a bird? (Record no. 105104)

MARC details
000 -LÍDER
campo de controle de tamanho fixo 00604 a2200253 4500
001 - NÚMERO DE CONTROLE
campo de controle 105104
020 ## - ISBN - INTERNATIONAL STANDARD BOOK NUMBER
ISBN - International Standard Book Number 0329238280
020 ## - ISBN - INTERNATIONAL STANDARD BOOK NUMBER
ISBN - International Standard Book Number 0865058806
020 ## - ISBN - INTERNATIONAL STANDARD BOOK NUMBER
ISBN - International Standard Book Number 086505892X (pbk.)
041 ## - CÓDIGO DE IDIOMA
Código do idioma do texto/trilha sonora ou título diferente por
090 ## - NÚMERO DE CHAMADA LOCAL
Número de chamada (OCLC) (R); Número de chamada, CALL (RLIN) (NR) P Year 2 598
092 ## - CLASSIFICAÇÃO DE DEWEY ATRIBUÍDA LOCALMENTE (OCLC)
Número de Classificação 98030911
040 ## - FONTE DA CATALOGAÇÃO
Instituição da catalogação original BR-BrIDEA
Instituição que transcreveu o registro BR-BrIDEA
100 ## - ENTRADA PRINCIPAL--NOME PESSOAL
Nome pessoal Kalman, Bobbie
250 ## - EDIÇÃO
Edição . ed.
245 10 - TÍTULO
Título What is a bird?
Indicação de responsabilidade, etc. Bobbie Kalman
260 ## - PUBLICAÇÃO, DISTRIBUIÇÃO, ETC.
Local de publicação, distribuição, etc. [S.l.]
Nome do editor, distribuidor, etc. Crabtree
Data da publicação, distribuição, etc. 1999
300 ## - DESCRIÇÃO FÍSICA
Extensão 32 p.
490 ## - TÍTULO DA SÉRIE
Título da série The science of living things
697 ## - ENTRADA DE ASSUNTO LOCAL--ENTIDADE COLETIVA (RLIN)
Nome corporativo ou nome da jurisdição Birds
830 ## - ENTRADA SECUNDÁRIA DE SÉRIE--TÍTULO UNIFORME
Título uniforme The science of living things
856 ## - LOCALIZAÇÃO ELETRÔNICA E ACESSO
Uniform Resource Identifier <a href="000007/0000072a.jpg">000007/0000072a.jpg</a>
942 ## - ELEMENTOS DE ENTRADA ADICIONADOS (KOHA)
Tipo de material Koha Livros
Holdings
Situação do descarte Situação das perdas Fonte da classificação ou esquema de arquivamento na estante Situação física Não pode ser emprestado Biblioteca de origem Biblioteca atual Data de aquisição Total de empréstimos Número de chamada completo Código de barras Data de último acesso Data do preço efetivo Tipo de material Koha
    Classificação Decimal de Dewey     ECB - SUDOESTE ECB - SUDOESTE 16/08/2013   P Year 2 598 00004683SSW 23/01/2024 23/01/2024 Livros
    Classificação Decimal de Dewey     ECB - SUDOESTE ECB - SUDOESTE 18/03/2015   P Year 2 598 00014567SSW 23/01/2024 23/01/2024 Livros
    Classificação Decimal de Dewey     ECB - SUDOESTE ECB - SUDOESTE 18/03/2015   P Year 2 598 00014566SSW 23/01/2024 23/01/2024 Livros